Storm Clouds Ahead? : Migration and Labor Force Participation Rates in Europe /

The paper examines the potential effects of international migration on labor force participation in advanced economies in Europe. It documents that migration played a significant role in alleviating aging pressures on labor supply by affecting the age composition of receiving countries' populat...

وصف كامل

التفاصيل البيبلوغرافية
المؤلف الرئيسي: Hilgenstock, Benjamin
مؤلفون آخرون: Koczan, Zsoka
التنسيق: دورية
اللغة:English
منشور في: Washington, D.C. : International Monetary Fund, 2018.
سلاسل:IMF Working Papers; Working Paper ; No. 2018/148
الوصول للمادة أونلاين:Full text available on IMF
LEADER 01808cas a2200253 a 4500
001 AALejournalIMF018591
008 230101c9999 xx r poo 0 0eng d
020 |c 5.00 USD 
020 |z 9781484363058 
022 |a 1018-5941 
040 |a BD-DhAAL  |c BD-DhAAL 
100 1 |a Hilgenstock, Benjamin. 
245 1 0 |a Storm Clouds Ahead? :   |b Migration and Labor Force Participation Rates in Europe /  |c Benjamin Hilgenstock, Zsoka Koczan. 
264 1 |a Washington, D.C. :  |b International Monetary Fund,  |c 2018. 
300 |a 1 online resource (24 pages) 
490 1 |a IMF Working Papers 
500 |a <strong>Off-Campus Access:</strong> No User ID or Password Required 
500 |a <strong>On-Campus Access:</strong> No User ID or Password Required 
506 |a Electronic access restricted to authorized BRAC University faculty, staff and students 
520 3 |a The paper examines the potential effects of international migration on labor force participation in advanced economies in Europe. It documents that migration played a significant role in alleviating aging pressures on labor supply by affecting the age composition of receiving countries' populations. However, micro-level analysis also points to differences in average educational levels, as well as differences in the effects of any given level of education on participation across migrants and natives. Difficulties related to the recognition of educational qualifications appear to be associated with smaller effects of education on the odds of participation for migrants, especially women. 
538 |a Mode of access: Internet 
700 1 |a Koczan, Zsoka. 
830 0 |a IMF Working Papers; Working Paper ;  |v No. 2018/148 
856 4 0 |z Full text available on IMF  |u http://elibrary.imf.org/view/journals/001/2018/148/001.2018.issue-148-en.xml  |z IMF e-Library